Minecraft Loot: Village Butcher - Statistics

General Stats
  • This quiz has been taken 10 times
  • The average score is 5 of 6
Answer Stats
Pool Item Stack Size Weight % Correct
1(1-5) Raw Beef 1-3 21%
100%
1(1-5) Raw Mutton 1-3 21%
100%
1(1-5) Raw Porkchop 1-3 21%
100%
1(1-5) Emerald 1 3.6%
89%
1(1-5) Wheat 1-3 21%
89%
1(1-5) Coal 1-3 11%
33%
No matching quizzes found
Score Distribution
Percent of People with Each Score
Percentile by Number Answered
Your Score History
You have not taken this quiz